00709cam a22002057a 4500003000500000005001700005008004100022010001000063011001000073035001000083040000900093100004100102245011700143260004100260300001000301502012000311650002500431650002000456650002700476CHAP20220329142722.0030129d2002 mx r 00110 spa d a86789 a87761 a98305 cCHAP00aZárate Hernández, Oscar Roberto.10aUtilización de tres dilutores en la conservación de semen de conejoc/por Oscar Roberto Zárate Hernández aChapingo, Méx. :bEl autor,c2002. a73 h. aTesis (Ing. Agr. Esp. en Zootecnia) -- UACH. Departamento de Enseñánza, Investigación y Servicio en Zootecnia14aConejosxFecundidad.14aConejosxSemen.14aSemenxConservación.